[Event "Int. Stuttgarter Stadtmeisterschaft A"]
[Site "Ditzingen"]
[Date "2016.05.07"]
[Round "6.17"]
[White "Gerstenberger, Heinz"]
[Black "Kessler, Andreas"]
[Result "1/2-1/2"]
[WhiteElo "2101"]
[BlackElo "2128"]
[PlyCount "97"]
[EventDate "2016.??.??"]
[WhiteTeam "Stuttgarter SF"]
[BlackTeam "SG Reil-Kinheim"]

1. d4 Nf6 2. c4 g6 3. Nc3 d5 4. Nf3 Bg7 5. cxd5 Nxd5 6. e4 Nxc3 7. bxc3 O-O 8.
Be3 b6 9. Qd2 Bb7 10. Bd3 Nd7 11. Bh6 e5 12. O-O Qe7 13. Rfe1 Rfe8 14. Bb5 Rad8
15. Rad1 c6 16. Bc4 b5 17. Bb3 c5 18. d5 c4 19. Bc2 Bxh6 20. Qxh6 Nf8 21. Rb1
Ba6 22. Rb4 Rb8 23. Reb1 Qd6 24. Qe3 Rb6 25. a4 Reb8 26. Nd2 Nd7 27. axb5 Bxb5
28. Ra1 Qc7 29. h4 a6 30. Qe2 Rc8 31. Qe3 Kg7 32. h5 h6 33. Bd1 Ra8 34. Rab1
Rf6 35. Ra1 Nb6 36. Qg3 Re8 37. Nf3 Qc5 38. Rb2 Qd6 39. Nh4 Kh7 40. hxg6+ fxg6
41. Bg4 Na4 42. Rba2 Nc5 43. Re2 Nb3 44. Rb1 a5 45. Nf3 Rf4 46. Be6 a4 47. Nh4
Rf6 48. Nf3 Rf4 49. Nh4 1/2-1/2

[Event "Int. Stuttgarter Stadtmeisterschaft A"]
[Site "Ditzingen"]
[Date "2016.05.07"]
[Round "6.18"]
[White "Uso I Cubertorer, Lluis"]
[Black "Schwab, Matthias"]
[Result "1/2-1/2"]
[WhiteElo "1660"]
[BlackElo "2126"]
[PlyCount "127"]
[EventDate "2016.??.??"]
[BlackTeam "SC Böblingen"]

1. e4 g6 2. d4 Bg7 3. Bf4 d5 4. e5 h5 5. h3 Nh6 6. Bd3 Bf5 7. Ne2 h4 8. Be3
Bxd3 9. Qxd3 Nf5 10. Bf4 Qd7 11. Nd2 Nc6 12. c3 Nd8 13. Nf3 e6 14. g4 hxg3 15.
Nxg3 Nxg3 16. Bxg3 Nc6 17. Bh4 Bf8 18. Bf6 Rh5 19. Nh2 Be7 20. Ng4 O-O-O 21. b4
Nb8 22. a4 Qe8 23. a5 Nd7 24. Bxe7 Qxe7 25. Ke2 Nb8 26. b5 c5 27. bxc6 Nxc6 28.
a6 b6 29. Qb5 Qc7 30. Nf6 Rh4 31. Kf3 Rdh8 32. Kg3 Ne7 33. Rac1 Nf5+ 34. Kg2
Kb8 35. c4 dxc4 36. Rhe1 Nxd4 37. Qxc4 Qxc4 38. Rxc4 Rd8 39. Rec1 Rhh8 40. Rc7
Nb5 41. Rb7+ Ka8 42. Rxf7 Rc8 43. Rd1 Rc7 44. Rdd7 Rhc8 45. Kg3 Rxd7 46. Nxd7
Nc7 47. Nf8 b5 48. Nxg6 Nxa6 49. Ne7 Rc3+ 50. Kg4 b4 51. Rf8+ Kb7 52. Rd8 b3
53. Rd1 b2 54. Rb1 Rc2 55. f4 Nc5 56. f5 exf5+ 57. Nxf5 Rd2 58. Ne3 Nd3 59. e6
Kc7 60. Nd1 Rxd1 61. Rxd1 Nc1 62. e7 b1=Q 63. Rxc1+ Qxc1 64. e8=Q 1/2-1/2

[Event "Int. Stuttgarter Stadtmeisterschaft A"]
[Site "Ditzingen"]
[Date "2016.05.07"]
[Round "6.19"]
[White "Schallner, Marc"]
[Black "Germer, Philipp"]
[Result "0-1"]
[WhiteElo "1975"]
[BlackElo "2180"]
[PlyCount "52"]
[EventDate "2016.??.??"]
[WhiteTeam "SF Kornwestheim"]
[BlackTeam "SC Oberwinden"]

1. e4 c5 2. Nf3 d6 3. d4 cxd4 4. Nxd4 Nf6 5. Nc3 a6 6. Be3 e6 7. Qd2 b5 8. f3
Nbd7 9. g4 b4 10. Nce2 h6 11. Ng3 Qc7 12. h4 d5 13. Rg1 Bd6 14. Nh5 Nxh5 15.
gxh5 Bg3+ 16. Bf2 Bxf2+ 17. Qxf2 Qe5 18. O-O-O Nf6 19. exd5 Nxd5 20. Kb1 Bb7
21. Re1 Qf6 22. Bh3 Nf4 23. Bf5 O-O-O 24. Nxe6 fxe6 25. Qc5+ Kb8 26. Be4 Qd4
0-1

[Event "Int. Stuttgarter Stadtmeisterschaft A"]
[Site "Ditzingen"]
[Date "2016.05.07"]
[Round "6.20"]
[White "Hüttig, Michael"]
[Black "Döring, Stefan"]
[Result "1-0"]
[WhiteElo "2164"]
[BlackElo "1945"]
[PlyCount "85"]
[EventDate "2016.??.??"]
[WhiteTeam "SC Erdmannhausen"]
[BlackTeam "SC Tamm"]

1. Nf3 Nf6 2. g3 d5 3. Bg2 c6 4. O-O Bf5 5. d3 Nbd7 6. Nbd2 e6 7. c4 Be7 8. b3
O-O 9. Bb2 Qc7 10. Rc1 Rfd8 11. h3 h6 12. a3 Rac8 13. b4 a6 14. Nd4 Bh7 15.
cxd5 exd5 16. N2b3 Qd6 17. Na5 Rc7 18. Nxb7 Rxb7 19. Rxc6 Qe5 20. Qc1 Qg5 21.
Rxa6 Nb8 22. Ra8 Bd6 23. Qxg5 hxg5 24. Rc1 Nc6 25. Rxd8+ Nxd8 26. Rc8 Rb8 27.
Rxb8 Bxb8 28. Nb3 Bf5 29. b5 Kf8 30. a4 Bc7 31. g4 Be6 32. Nd4 Ke7 33. Nf5+
Bxf5 34. gxf5 Kd6 35. Bc1 Nd7 36. Bxg5 f6 37. Be3 Nb7 38. d4 Bd8 39. Bf4+ Ke7
40. Bxd5 Na5 41. Bd2 Nb7 42. Bb4+ Ke8 43. Be6 1-0

[Event "Int. Stuttgarter Stadtmeisterschaft A"]
[Site "Ditzingen"]
[Date "2016.05.07"]
[Round "6.22"]
[White "Hubel, Merten"]
[Black "Schnepel, Thomas"]
[Result "1/2-1/2"]
[WhiteElo "2061"]
[BlackElo "1907"]
[PlyCount "145"]
[EventDate "2016.??.??"]
[WhiteTeam "SF Birkenfeld"]
[BlackTeam "SC Pforzheim"]

1. d4 Nf6 2. Nf3 e6 3. g3 c5 4. Bg2 cxd4 5. Nxd4 d5 6. O-O Nc6 7. c4 Bc5 8.
Nxc6 bxc6 9. Qc2 Be7 10. Nc3 O-O 11. cxd5 cxd5 12. e4 Qc7 13. exd5 Nxd5 14. Be4
Nb4 15. Qe2 Ba6 16. Nb5 Qc5 17. a4 Rac8 18. Be3 Qc4 19. Qf3 Bxb5 20. axb5 Qxb5
21. Rxa7 Bf6 22. Rb7 Qa4 23. b3 Qa3 24. Bxh7+ Kxh7 25. Qe4+ Kg8 26. Qxb4 Qb2
27. Rd1 Rc3 28. Bd4 Qc2 29. Bxc3 Qxd1+ 30. Be1 Rc8 31. Rb8 Rxb8 32. Qxb8+ Kh7
33. Qb4 Be7 34. Qc3 Bf6 35. Qb4 Be7 36. Qc3 Bf6 37. Qe3 Bg5 38. Qxg5 Qxe1+ 39.
Kg2 Qe4+ 40. Kh3 Qb1 41. Qh5+ Kg8 42. Qb5 Qh7+ 43. Kg2 Qe4+ 44. Kf1 Qb1+ 45.
Ke2 Qe4+ 46. Kd2 Qd4+ 47. Qd3 Qxf2+ 48. Qe2 Qd4+ 49. Kc2 Qc5+ 50. Kb2 Qb4 51.
Qe3 Kf8 52. Qc3 Qb5 53. b4 Qe2+ 54. Kb3 Qd1+ 55. Ka3 Qd5 56. Qc5+ Qxc5 57. bxc5
Ke7 58. h4 f5 59. Kb4 Kd7 60. Kc4 e5 61. Kd5 e4 62. Kd4 Kc6 63. h5 Kc7 64. g4
fxg4 65. Kxe4 g3 66. Kf3 g2 67. Kxg2 Kc6 68. Kf3 Kxc5 69. Ke4 Kd6 70. Kf5 Ke7
71. Kg6 Kf8 72. h6 gxh6 73. Kxh6 1/2-1/2

[Event "Int. Stuttgarter Stadtmeisterschaft A"]
[Site "Ditzingen"]
[Date "2016.05.07"]
[Round "6.23"]
[White "Hoeschele, Hans-Ulrich"]
[Black "Longo, Claudio"]
[Result "1/2-1/2"]
[WhiteElo "2012"]
[BlackElo "1870"]
[PlyCount "69"]
[EventDate "2016.??.??"]
[WhiteTeam "Stuttgarter SF"]
[BlackTeam "SK Gräfelfing"]

1. d4 d5 2. Nf3 Nf6 3. g3 g6 4. Bg2 Bg7 5. O-O O-O 6. Bg5 Nbd7 7. c3 c6 8. Qc1
Re8 9. a4 e5 10. dxe5 Nxe5 11. Re1 Bg4 12. Nbd2 h6 13. Be3 Qd7 14. Bd4 Nxf3+
15. Nxf3 Ne4 16. Be3 Kh7 17. Nd4 Nd6 18. f3 Bh3 19. Bh1 Nf5 20. Bf2 Nxd4 21.
cxd4 Be6 22. Qd2 f5 23. Bg2 Re7 24. Rad1 Rae8 25. Qc2 Bf7 26. Bh3 Qd6 27. Bg2
Kh8 28. e4 fxe4 29. fxe4 dxe4 30. Rxe4 g5 31. Rxe7 Rxe7 32. Qc3 Bd5 33. b4 Bxg2
34. Kxg2 Qd5+ 35. Qf3 1/2-1/2

[Event "Int. Stuttgarter Stadtmeisterschaft A"]
[Site "Ditzingen"]
[Date "2016.05.07"]
[Round "6.24"]
[White "Viehoff, Jürgen"]
[Black "Marzev, Ivan"]
[Result "0-1"]
[WhiteElo "1824"]
[BlackElo "1991"]
[PlyCount "54"]
[EventDate "2016.??.??"]
[WhiteTeam "SC Stetten a.d.F."]
[BlackTeam "SG Ludwigsburg"]

1. d4 Nf6 2. Nf3 g6 3. Bg5 Bg7 4. Nbd2 d5 5. e3 O-O 6. Bd3 c5 7. c3 Qb6 8. Qb1
Nc6 9. O-O Re8 10. Re1 Bg4 11. Bf4 Bxf3 12. Nxf3 Nd7 13. dxc5 Nxc5 14. Bg3 Rad8
15. Rd1 e5 16. Bc2 a5 17. h3 d4 18. Nxe5 dxc3 19. Rxd8 Qxd8 20. b4 Nxb4 21. Nc4
Nxc2 22. Qxc2 Qd3 23. Na3 Rd8 24. Rc1 Rd7 25. Nb1 Qxc2 26. Rxc2 Rd1+ 27. Kh2
Rxb1 0-1

[Event "Int. Stuttgarter Stadtmeisterschaft A"]
[Site "Ditzingen"]
[Date "2016.05.07"]
[Round "6.25"]
[White "Gustain, Marc"]
[Black "Weis, Olga"]
[Result "1-0"]
[WhiteElo "2133"]
[BlackElo "1902"]
[PlyCount "107"]
[EventDate "2016.??.??"]
[WhiteTeam "SF Deizisau"]
[BlackTeam "OSG Baden-Baden"]

1. d4 Nf6 2. Nc3 d5 3. Bf4 c6 4. e3 Bf5 5. Bd3 Bg6 6. Nf3 e6 7. O-O Nh5 8. Be5
Nd7 9. e4 Nxe5 10. Nxe5 Nf4 11. exd5 Nxd3 12. Nxd3 cxd5 13. Re1 Be7 14. Nf4 O-O
15. Nxg6 hxg6 16. Re3 Rc8 17. g3 Qb6 18. Nxd5 exd5 19. Rxe7 Qxb2 20. Rb1 Qxc2
21. Qxc2 Rxc2 22. Rbxb7 Rxa2 23. Re5 Rd8 24. Ree7 Rf8 25. Red7 Ra5 26. h4 a6
27. Ra7 Ra1+ 28. Kg2 Ra5 29. Kf3 Ra3+ 30. Kf4 a5 31. Rxd5 a4 32. Rda5 Rd8 33.
Ra8 Rxa8 34. Rxa8+ Kh7 35. d5 f6 36. Ke4 Ra1 37. Kd3 a3 38. Kc2 Ra2+ 39. Kc3
Ra1 40. Kb3 Rd1 41. Ra5 a2 42. Kxa2 Rd2+ 43. Kb3 Rxf2 44. Ra2 Rxa2 45. Kxa2 Kg8
46. Kb3 Kf7 47. Kc4 Ke7 48. Kc5 Kd7 49. d6 Kd8 50. Kc6 Kc8 51. d7+ Kd8 52. Kd6
g5 53. hxg5 f5 54. Ke6 1-0

[Event "Int. Stuttgarter Stadtmeisterschaft A"]
[Site "Ditzingen"]
[Date "2016.05.07"]
[Round "6.26"]
[White "Schömbs, Oliver"]
[Black "Montigel, Philipp"]
[Result "1/2-1/2"]
[WhiteElo "1890"]
[BlackElo "2097"]
[PlyCount "117"]
[EventDate "2016.??.??"]
[WhiteTeam "SC Ingersheim"]
[BlackTeam "SV Stuttgart-Wolfbusch"]

1. e4 b6 2. d4 Bb7 3. Bd3 e6 4. Nf3 c5 5. c3 Nf6 6. Nbd2 Nc6 7. Nf1 cxd4 8.
cxd4 Nb4 9. Ng3 Nxd3+ 10. Qxd3 a5 11. Bg5 Be7 12. Qe3 O-O 13. O-O d6 14. Rac1
Qd7 15. Rc3 Rfc8 16. Rfc1 b5 17. h3 b4 18. Rxc8+ Rxc8 19. Rxc8+ Qxc8 20. Nh5
Qc2 21. Bxf6 Bxf6 22. Nxf6+ gxf6 23. Qh6 Bxe4 24. Qxf6 Qxb2 25. Qg5+ Kf8 26.
Qd8+ Kg7 27. Qg5+ Bg6 28. Qxa5 Qc3 29. Qb6 Qa1+ 30. Kh2 Qxa2 31. Qxb4 Qd5 32.
Qd2 Be4 33. Qg5+ Qxg5 34. Nxg5 Bd5 35. h4 h6 36. Nh3 Kf6 37. Kg3 Kf5 38. f3 Bc4
39. Nf2 h5 40. Ne4 d5 41. Nf2 e5 42. dxe5 Kxe5 43. f4+ Kf5 44. Kf3 d4 45. g4+
hxg4+ 46. Nxg4 Be2+ 47. Kxe2 Kxg4 48. Kd3 Kxh4 49. Kxd4 f5 50. Ke3 Kg3 51. Ke2
Kxf4 52. Kf2 Ke4 53. Ke2 f4 54. Kf2 f3 55. Kf1 Kf4 56. Kf2 Kg4 57. Kf1 Kf5 58.
Kf2 Kf4 59. Kf1 1/2-1/2

[Event "Int. Stuttgarter Stadtmeisterschaft A"]
[Site "Ditzingen"]
[Date "2016.05.07"]
[Round "6.27"]
[White "Döring, Andreas"]
[Black "Kast, Joannis"]
[Result "1/2-1/2"]
[WhiteElo "2085"]
[BlackElo "1985"]
[PlyCount "60"]
[EventDate "2016.??.??"]
[WhiteTeam "SC Tamm"]
[BlackTeam "SK Jöhlingen"]

1. e4 e5 2. Nf3 Nf6 3. Nxe5 Nxe4 4. Qe2 Qe7 5. Qxe4 d6 6. d4 dxe5 7. Qxe5 Qxe5+
8. dxe5 Bf5 9. Bb5+ Nd7 10. O-O Bxc2 11. Bf4 c6 12. Be2 Bf5 13. Nd2 Nb6 14. Nc4
Nxc4 15. Bxc4 Be6 16. Bxe6 fxe6 17. Rad1 Be7 18. Be3 h6 19. Rd3 Rd8 20. Rfd1
Rd5 21. f4 Kd7 22. Kf2 Rd8 23. Kf3 Ke8 24. Ke4 g6 25. g4 Kf7 26. a3 R8d7 27.
R3d2 Bc5 28. Rd3 Bxe3 29. Kxe3 Rxd3+ 30. Rxd3 Rxd3+ 1/2-1/2

[Event "Int. Stuttgarter Stadtmeisterschaft A"]
[Site "Ditzingen"]
[Date "2016.05.07"]
[Round "6.28"]
[White "Herold, Hansjoerg"]
[Black "Gabriel, Josef"]
[Result "0-1"]
[WhiteElo "1983"]
[BlackElo "2073"]
[PlyCount "70"]
[EventDate "2016.??.??"]
[WhiteTeam "SV Böckingen"]
[BlackTeam "Stuttgarter SF"]

1. e4 c6 2. d4 d5 3. exd5 cxd5 4. c4 Nf6 5. Nc3 Nc6 6. cxd5 Nxd5 7. Nf3 e6 8.
Bb5 Bb4 9. Bd2 O-O 10. O-O Nde7 11. a3 Ba5 12. Ne2 Bc7 13. Bf4 Bb6 14. Rc1 Bd7
15. Bd6 Re8 16. Bc5 Bc7 17. Qb3 Nd5 18. Bxc6 Bxc6 19. Ne5 Bxe5 20. dxe5 Qg5 21.
f4 Qg6 22. Rf2 h6 23. Qc2 Qh5 24. Qd3 Red8 25. Bd6 Rac8 26. h3 a6 27. Qd2 Bd7
28. Rxc8 Rxc8 29. Rf1 Bb5 30. Rf2 Bxe2 31. Rxe2 Nxf4 32. Re1 Qg5 33. Kh2 Nxh3
34. Qd3 Nf4 35. Qe4 Rc4 0-1

[Event "Int. Stuttgarter Stadtmeisterschaft A"]
[Site "Ditzingen"]
[Date "2016.05.07"]
[Round "6.29"]
[White "Nettelbeck, Jann"]
[Black "Büter, Norbert"]
[Result "0-1"]
[WhiteElo "1821"]
[BlackElo "2053"]
[PlyCount "44"]
[EventDate "2016.??.??"]
[WhiteTeam "SC Bad Bergzabern"]
[BlackTeam "SpVgg Rommelshausen"]

1. d4 d6 2. c4 e5 3. d5 f5 4. Nc3 Nf6 5. e4 Be7 6. g3 O-O 7. Bg2 Na6 8. f4 Nc5
9. Qc2 fxe4 10. Bh3 Nd3+ 11. Ke2 Bxh3 12. Nxh3 Qe8 13. Ng5 Qh5+ 14. Kf1 exf4
15. gxf4 Nxd5 16. Ne6 Qf3+ 17. Kg1 N5xf4 18. Bxf4 Nxf4 19. Nxf4 Rxf4 20. h3
Qg3+ 21. Qg2 Qe3+ 22. Kh2 Rf2 0-1

[Event "Int. Stuttgarter Stadtmeisterschaft A"]
[Site "Ditzingen"]
[Date "2016.05.07"]
[Round "6.30"]
[White "Baumeister, Jürgen"]
[Black "Jurasin, Marin"]
[Result "0-1"]
[WhiteElo "1814"]
[BlackElo "2039"]
[PlyCount "120"]
[EventDate "2016.??.??"]
[WhiteTeam "SC Asperg"]
[BlackTeam "SG Schönbuch"]

1. e4 g6 2. d4 Bg7 3. Nf3 d6 4. Be3 Nd7 5. c3 e5 6. Bc4 Ngf6 7. dxe5 dxe5 8.
Nbd2 O-O 9. h3 b6 10. O-O Bb7 11. Qc2 Qe7 12. Rfe1 h6 13. Rad1 Nc5 14. Bxc5
Qxc5 15. Bd3 Rad8 16. b4 Qe7 17. Nc4 Nh5 18. Ne3 Nf4 19. Bf1 Rxd1 20. Rxd1 Rd8
21. g3 Rxd1 22. Nxd1 Ne6 23. Ne3 c5 24. a3 Nc7 25. Nd2 h5 26. Bc4 Bc8 27. Bf1
Qd7 28. Bg2 Bb7 29. Ndf1 Bc6 30. Kh2 Bf8 31. Nc4 f6 32. Nfe3 Kg7 33. Bf1 Nb5
34. Bg2 Nc7 35. Bf1 Ba4 36. Qe2 Bc6 37. Qc2 Ne6 38. Bg2 Bb5 39. Bf1 Ng5 40. Bg2
Qc6 41. Nd2 cxb4 42. axb4 a5 43. bxa5 bxa5 44. Nd5 a4 45. c4 Ba6 46. Qc3 Qc5
47. f4 Nf7 48. Bf1 Bb7 49. Bg2 Bd6 50. Nf3 Bxd5 51. exd5 exf4 52. g4 hxg4 53.
hxg4 g5 54. Kh1 Be5 55. Qc2 a3 56. Qa4 Bd6 57. Nd2 Qe3 58. Nf3 Qc3 59. Kh2 Qb2
60. Ne1 f3+ 0-1

[Event "Int. Stuttgarter Stadtmeisterschaft A"]
[Site "Ditzingen"]
[Date "2016.05.07"]
[Round "6.31"]
[White "Kasüschke, Lars"]
[Black "Martin, Dennis"]
[Result "0-1"]
[WhiteElo "2013"]
[BlackElo "1928"]
[PlyCount "84"]
[EventDate "2016.??.??"]
[WhiteTeam "SG Schwäbisch Gmünd"]
[BlackTeam "SK Rotenburg"]

1. e4 c5 2. Nf3 Nc6 3. d4 cxd4 4. Nxd4 d5 5. Bb5 dxe4 6. Nxc6 Qxd1+ 7. Kxd1 a6
8. Ba4 Bd7 9. Nc3 Bxc6 10. Bxc6+ bxc6 11. Nxe4 e5 12. Bd2 f5 13. Ng3 Ne7 14.
Bc3 e4 15. Ke2 Rg8 16. Rad1 g6 17. Rd6 Rc8 18. Rd2 Nd5 19. Be5 Bg7 20. Bxg7
Nf4+ 21. Kf1 Rxg7 22. Ne2 Nd5 23. Nd4 Rd7 24. Nb3 Nb4 25. Rxd7 Kxd7 26. c3 Nd3
27. Ke2 Nxb2 28. Nc5+ Kd6 29. Nxa6 c5 30. Rb1 Na4 31. Rb7 Nxc3+ 32. Kd2 Nd5 33.
Rxh7 Ke5 34. a4 c4 35. Rb7 c3+ 36. Kc2 e3 37. fxe3 Nxe3+ 38. Kc1 Rd8 39. Re7+
Kf4 40. Rxe3 Kxe3 41. Kc2 Ra8 42. Nc5 Ra5 0-1

[Event "Int. Stuttgarter Stadtmeisterschaft A"]
[Site "Ditzingen"]
[Date "2016.05.07"]
[Round "6.32"]
[White "Syed, Tareq"]
[Black "Reindl, Arno"]
[Result "1/2-1/2"]
[WhiteElo "2010"]
[BlackElo "1738"]
[PlyCount "34"]
[EventDate "2016.??.??"]
[WhiteTeam "SC Brett vorm Kopp"]
[BlackTeam "SG Schwäbisch Gmünd"]

1. d3 c5 2. g3 Nc6 3. Bg2 g6 4. Nc3 Bg7 5. a3 Nf6 6. Rb1 d6 7. b4 Nd7 8. Bd2 a6
9. Nh3 O-O 10. Nf4 cxb4 11. axb4 Na7 12. h4 h5 13. Ne4 Rb8 14. Bc3 Ne5 15. Ba1
b5 16. O-O Bb7 17. Qd2 Qb6 1/2-1/2

[Event "Int. Stuttgarter Stadtmeisterschaft A"]
[Site "Ditzingen"]
[Date "2016.05.07"]
[Round "6.33"]
[White "Reichenbächer, Thomas"]
[Black "Gheng, Dominik"]
[Result "1-0"]
[WhiteElo "1990"]
[BlackElo "1840"]
[PlyCount "89"]
[EventDate "2016.??.??"]
[WhiteTeam "SVG Konstanz"]
[BlackTeam "Schach-Kids Bernhausen"]

1. c4 e6 2. Nf3 Nf6 3. g3 d5 4. d4 Be7 5. Bg2 O-O 6. O-O b6 7. Ne5 Bb7 8. Nc3
Nbd7 9. Nxd7 Qxd7 10. cxd5 exd5 11. Bf4 Nh5 12. Be3 f5 13. Qb3 Nf6 14. Bg5 Rad8
15. Bh3 Kh8 16. Rac1 a6 17. e3 h6 18. Bf4 Nh5 19. Be5 Bd6 20. Bg2 Be7 21. Bf3
Nf6 22. Ne2 Rc8 23. Nf4 Rfd8 24. Ng6+ Kh7 25. Nxe7 Qxe7 26. h3 Ne4 27. Rfd1 Ng5
28. Bg2 Nf7 29. f4 Nd6 30. Rc2 Nc4 31. Qd3 g6 32. Rdc1 c5 33. Kh2 a5 34. b3 Na3
35. Rf2 c4 36. Qd2 c3 37. Qd3 Qb4 38. g4 Qf8 39. Rxc3 Ba6 40. Qxa6 Rxc3 41.
Qb7+ Kg8 42. Bxd5+ Rxd5 43. Qxd5+ Qf7 44. Qd8+ Qf8 45. Qxb6 1-0

[Event "Int. Stuttgarter Stadtmeisterschaft A"]
[Site "Ditzingen"]
[Date "2016.05.07"]
[Round "6.34"]
[White "Klaus, Dominik"]
[Black "Imhof, Thomas"]
[Result "1-0"]
[WhiteElo "2068"]
[BlackElo "1930"]
[PlyCount "59"]
[EventDate "2016.??.??"]
[WhiteTeam "Ssg Fils-Lauter"]
[BlackTeam "SGem Vaihingen-Rohr"]

1. c4 e6 2. d4 Nf6 3. g3 c5 4. Nf3 cxd4 5. Nxd4 Nc6 6. Bg2 Be7 7. Nc3 O-O 8.
O-O d5 9. cxd5 exd5 10. Bg5 h6 11. Bxf6 Bxf6 12. Nb3 d4 13. Nd5 d3 14. Qxd3
Bxb2 15. Rad1 Ba3 16. Nd2 Be7 17. Ne4 Be6 18. Qb5 Bxd5 19. Rxd5 Qc7 20. Nc5 Nd4
21. Rxd4 Qxc5 22. Qxc5 Bxc5 23. Rd7 Rad8 24. Rxd8 Rxd8 25. Bxb7 Rd2 26. Rc1 Bb6
27. Be4 Kf8 28. Rc2 Rxc2 29. Bxc2 a5 30. Kg2 1-0

[Event "Int. Stuttgarter Stadtmeisterschaft A"]
[Site "Ditzingen"]
[Date "2016.05.07"]
[Round "6.35"]
[White "Gauer, Jakob"]
[Black "Cummings, Nicolai"]
[Result "0-1"]
[WhiteElo "1801"]
[BlackElo "1996"]
[PlyCount "104"]
[EventDate "2016.??.??"]
[WhiteTeam "SC Ostfildern"]
[BlackTeam "SC Ingersheim"]

1. e4 d6 2. f4 d5 3. exd5 Qxd5 4. Nc3 Qa5 5. Nf3 Nf6 6. d3 c6 7. Bd2 Qb6 8. Rb1
g6 9. Qe2 Bg7 10. Be3 Qc7 11. g3 O-O 12. Bg2 Be6 13. Ng5 Bg4 14. Bf3 Bxf3 15.
Nxf3 Nbd7 16. O-O Rae8 17. Qd2 Ng4 18. Bf2 Nxf2 19. Kxf2 e5 20. fxe5 Nxe5 21.
Nxe5 Rxe5 22. Kg2 Qd7 23. Rf3 Rfe8 24. Rbf1 R5e7 25. R1f2 Bd4 26. Qf4 Bxf2 27.
Rxf2 f5 28. g4 Rf7 29. g5 Rfe7 30. h4 Rd8 31. h5 Qd4 32. hxg6 hxg6 33. Kg3 Qe3+
34. Qxe3 Rxe3+ 35. Kf4 Re1 36. Ne2 Kf7 37. b3 Rh8 38. c3 Rh4+ 39. Ke5 Rh3 40.
Kd4 b6 41. a4 a5 42. b4 Ra1 43. bxa5 Rxa4+ 44. c4 Rxa5 45. Nf4 Rh4 46. Ke3 Re5+
47. Kf3 Re1 48. d4 Re4 49. Ne2 Rh3+ 50. Kg2 Rhe3 51. Kf1 Rxe2 52. Rxe2 Rxe2 0-1

[Event "Int. Stuttgarter Stadtmeisterschaft A"]
[Site "Ditzingen"]
[Date "2016.05.07"]
[Round "6.36"]
[White "Pfeifer, Wilfried"]
[Black "Richter, Nils"]
[Result "1-0"]
[WhiteElo "1995"]
[BlackElo "1826"]
[PlyCount "83"]
[EventDate "2016.??.??"]
[WhiteTeam "TSF Ditzingen"]
[BlackTeam "TSV/RSK Esslingen"]

1. f4 e5 2. fxe5 d6 3. exd6 Bxd6 4. Nf3 g5 5. g3 f5 6. d4 g4 7. Nh4 f4 8. Qd3
fxg3 9. hxg3 Ne7 10. Qb5+ c6 11. Qh5+ Kd7 12. Bf4 Kc7 13. Qh6 Bf5 14. Na3 Be4
15. Nc4 Bxh1 16. Bxd6+ Kc8 17. Qe6+ Qd7 18. Qxe7 Qxe7 19. Bxe7 Bd5 20. Ne5 Nd7
21. Nxg4 Rg8 22. Bh3 Be6 23. Nf6 Rxg3 24. Bxe6 Rg1+ 25. Kd2 Rxa1 26. Nf5 Kc7
27. Nxd7 b6 28. Nf6 Rh1 29. d5 cxd5 30. Bxd5 Rf1 31. Bd6+ Kd8 32. Bxa8 Rxf5 33.
Nxh7 Kd7 34. Be4 Ra5 35. Ba3 Ke6 36. Bd3 Kf7 37. Nf8 Rd5 38. Ng6 Rd8 39. c4 Ke6
40. Nf4+ Ke5 41. Nd5 b5 42. Ne7 1-0

[Event "Int. Stuttgarter Stadtmeisterschaft A"]
[Site "Ditzingen"]
[Date "2016.05.07"]
[Round "6.37"]
[White "Lehmann, Stefan"]
[Black "Cummings, Orlyn"]
[Result "1/2-1/2"]
[WhiteElo "1903"]
[BlackElo "1884"]
[PlyCount "52"]
[EventDate "2016.??.??"]
[WhiteTeam "Ssg Fils-Lauter"]
[BlackTeam "SK Schmiden/Cannstatt"]

1. e4 c5 2. Nc3 a6 3. f4 b5 4. Nf3 Bb7 5. d4 cxd4 6. Qxd4 Nc6 7. Qe3 g6 8. Bd3
Bg7 9. e5 Nh6 10. O-O Nf5 11. Qf2 d6 12. Re1 O-O 13. Kh1 dxe5 14. fxe5 Nfd4 15.
Bf4 Ne6 16. Bg3 Ncd4 17. Nxd4 Qxd4 18. Qf1 h5 19. Rad1 h4 20. Be4 Qb6 21. Bxb7
Qxb7 22. Bxh4 Rfd8 23. Bg3 b4 24. Ne2 Qc7 25. c3 Rxd1 26. Rxd1 Bxe5 1/2-1/2

[Event "Int. Stuttgarter Stadtmeisterschaft A"]
[Site "Ditzingen"]
[Date "2016.05.07"]
[Round "6.38"]
[White "Müller, Dennis"]
[Black "Haug, Siegmund"]
[Result "0-1"]
[WhiteElo "1801"]
[BlackElo "1937"]
[PlyCount "70"]
[EventDate "2016.??.??"]
[WhiteTeam "SC Kreut"]
[BlackTeam "SC Pforzheim"]

1. e4 c5 2. Nf3 Nc6 3. d4 cxd4 4. Nxd4 Nf6 5. Nc3 e5 6. Ndb5 d6 7. Bg5 a6 8.
Na3 b5 9. Bxf6 gxf6 10. Nd5 f5 11. c3 Bg7 12. exf5 Bxf5 13. Nc2 O-O 14. Nce3
Bg6 15. Bd3 f5 16. O-O e4 17. Be2 f4 18. Nxf4 Rxf4 19. Qd5+ Kh8 20. Qxc6 Ra7
21. a4 Be8 22. Qd5 Bf7 23. Qd2 bxa4 24. Rxa4 a5 25. Nc4 Rf6 26. b4 Rc7 27. Nxa5
Rg6 28. c4 Qh4 29. Ra3 Be5 30. h3 Be6 31. Kh1 Rcg7 32. f4 exf3 33. Raxf3 Rxg2
34. Rf8+ Bg8 35. Rxg8+ Rxg8 0-1

[Event "Int. Stuttgarter Stadtmeisterschaft A"]
[Site "Ditzingen"]
[Date "2016.05.07"]
[Round "6.39"]
[White "Stoll, Katja"]
[Black "Pfrommer, Martin"]
[Result "1/2-1/2"]
[WhiteElo "1870"]
[BlackElo "2013"]
[PlyCount "68"]
[EventDate "2016.??.??"]
[WhiteTeam "SC Weiße Dame Ulm"]
[BlackTeam "SV Schorndorf"]

1. e4 c5 2. Nf3 a6 3. d4 cxd4 4. Nxd4 Nf6 5. Nc3 e5 6. Nde2 Bc5 7. Na4 Ba7 8.
Ng3 O-O 9. c4 d6 10. Be2 Nc6 11. O-O Be6 12. Nc3 Nd4 13. Nd5 Nxd5 14. exd5 Bd7
15. Ne4 Qe7 16. b3 Bf5 17. Bd3 Bxe4 18. Bxe4 f5 19. Bc2 Qh4 20. Be3 f4 21. Bxd4
Bxd4 22. Bb1 f3 23. Qd3 fxg2 24. Kxg2 Rxf2+ 25. Rxf2 Qxf2+ 26. Kh1 g6 27. Qh3
Rf8 28. Be4 Qf4 29. Qe6+ Kg7 30. Bg2 Qf6 31. Rf1 Qd8 32. Rxf8 Qxf8 33. Qd7+ Qf7
34. Qxd6 Qf4 1/2-1/2

[Event "Int. Stuttgarter Stadtmeisterschaft A"]
[Site "Ditzingen"]
[Date "2016.05.07"]
[Round "6.40"]
[White "Baars, Mario"]
[Black "Zeh, Rolf"]
[Result "1/2-1/2"]
[WhiteElo "1775"]
[BlackElo "1957"]
[PlyCount "128"]
[EventDate "2016.??.??"]
[WhiteTeam "SG Schwäbisch Gmünd"]
[BlackTeam "SV Böckingen"]

1. e4 c6 2. d4 d5 3. exd5 cxd5 4. c4 dxc4 5. Bxc4 e6 6. Nf3 Nf6 7. O-O Be7 8.
Nc3 O-O 9. Bg5 h6 10. Bh4 Nc6 11. Rc1 Bd7 12. a3 Rc8 13. Ba2 Nd5 14. Bg3 Nxc3
15. Rxc3 Bf6 16. Rd3 Ne7 17. Re1 Bc6 18. Ne5 Bd5 19. Bb1 Nf5 20. Ng4 Be7 21.
Bf4 Bg5 22. Qd2 Bxf4 23. Qxf4 Bc4 24. Rd2 Qd6 25. Ne5 f6 26. Ng6 Qxf4 27. Nxf4
Kf7 28. Bxf5 exf5 29. f3 g5 30. Ne2 Rfe8 31. Kf2 Bxe2 32. Rexe2 Rxe2+ 33. Kxe2
Ke6 34. Kd3 Kd5 35. b3 Rc6 36. Re2 b5 37. Re8 Kd6 38. Rd8+ Kc7 39. Rd5 Ra6 40.
Rxf5 Rxa3 41. Rxb5 Ra2 42. Rc5+ Kd7 43. Rc2 Ra1 44. Re2 Kd6 45. g3 Rd1+ 46. Ke4
Rb1 47. Ra2 Rxb3 48. Ra6+ Rb6 49. Rxa7 Rb2 50. Ra6+ Ke7 51. Kf5 Rxh2 52. Re6+
Kd7 53. Rxf6 Ke7 54. Ra6 Rh1 55. f4 gxf4 56. Kxf4 h5 57. Rh6 Kf7 58. Kg5 Rg1
59. Rxh5 Rxg3+ 60. Kf4 Rg1 61. Re5 Kf6 62. Rc5 Ke6 63. Ke4 Kd6 64. Kd3 Ra1
1/2-1/2

[Event "Int. Stuttgarter Stadtmeisterschaft A"]
[Site "Ditzingen"]
[Date "2016.05.07"]
[Round "6.41"]
[White "Lebiedz, Oliver"]
[Black "Ruff, Robert"]
[Result "1/2-1/2"]
[WhiteElo "1914"]
[BlackElo "1871"]
[PlyCount "131"]
[EventDate "2016.??.??"]
[WhiteTeam "SK Rotenburg"]
[BlackTeam "SK Sachsenheim"]

1. e4 e6 2. Nc3 d5 3. Nf3 d4 4. Ne2 c5 5. c3 Nc6 6. cxd4 cxd4 7. Qa4 Bc5 8. b4
Bb6 9. b5 Na5 10. Nexd4 Nf6 11. Nc2 O-O 12. Be2 Bd7 13. Ne5 Rc8 14. Bb2 a6 15.
Nxd7 Qxd7 16. Bc3 axb5 17. Bxb5 Qc7 18. O-O Nc4 19. Rac1 Nxe4 20. Bb4 Ra8 21.
Qb3 Ncxd2 22. Qb2 Nxf1 23. Rxf1 Rfc8 24. Bd3 Qc6 25. Ne3 f5 26. Nc4 Bd8 27. Qe2
Bc7 28. Rd1 Rd8 29. a3 b5 30. Nd2 Rac8 31. Bxb5 Qc2 32. Bc4 Kf7 33. Qh5+ Kf6
34. Qh4+ Kg6 35. Bb3 Qd3 36. Bxe6 Rb8 37. g4 fxg4 38. Qxg4+ Ng5 39. h4 Rb5 40.
f4 Bxf4 41. h5+ Kh6 42. Qxf4 Qd4+ 43. Qxd4 Rxd4 44. Re1 Rbxb4 45. axb4 Rxd2 46.
Bg4 Rb2 47. Rd1 Rxb4 48. Rd6+ g6 49. Be2 Nh3+ 50. Kf1 Nf4 51. hxg6 hxg6 52. Bd1
Rb2 53. Bf3 Kg5 54. Rd4 Kf5 55. Rc4 Ke5 56. Re4+ Kf5 57. Rc4 Ke5 58. Re4+ Kf5
59. Rc4 Kg5 60. Rc5+ Kh4 61. Rc3 g5 62. Bc6 g4 63. Rc4 Kg3 64. Rc3+ Kh2 65. Rc4
Kg3 66. Rc3+ 1/2-1/2